000 00710nam a2200217Ia 4500
003 GCL
008 140319s9999 xx 000 0 ara d
020 _a6498215977
040 _aGCL /
_cGCL
082 0 4 _a792.02
_bن ا
100 1 _aنبيل راغب
245 1 0 _aافاق المسرح /
_cنبيل راغب
250 _aالاولى
260 _aالقاهرة :
_bدار غريب للطباعة والنشر والتوزيع ،
_c2001
300 _a131 ص ؛
_c19 سم
490 _aسلسلة افاق الفنون
_v0
650 0 4 _aالاخراج المسرحى
650 0 4 _aالتمثيل فى المسرح
650 0 4 _aالمسرح - التاثيرات الصوتية
942 _2ddc
_cBK
999 _c56883
_d56883